| 000 | 01430cam a2200337 i 4500 | ||
|---|---|---|---|
| 001 | 12294692 | ||
| 003 | EG-ScBUE | ||
| 005 | 20241221093700.0 | ||
| 008 | 010131t2001 nyua f b 001 0 eng d | ||
| 020 | _a0387952640 (alk. paper) | ||
| 020 | _a9780387952642 | ||
| 040 |
_aDLC _beng _erda _cDLC _dDLC _dEG-ScBUE |
||
| 082 | 0 | 4 |
_a519.82 _222 _bKUS |
| 100 | 1 |
_aKushner, Harold J. _q(Harold Joseph), _d1933- _eauthor. _96897 |
|
| 245 | 1 | 0 |
_aHeavy traffic analysis of controlled queueing and communications networks / _cHarold J. Kushner. |
| 264 | 1 |
_aNew York : _bSpringer, _c[2001] |
|
| 264 | 4 | _cc2001 | |
| 300 |
_axix, 513 pages : _billustrations ; _c24 cm. |
||
| 336 |
_2rdacontent _atext _btxt |
||
| 337 |
_aunmediated _2rdamedia _bn |
||
| 338 |
_avolume _bnc _2rdacarrier |
||
| 490 | 0 | _aApplications of mathematics | |
| 490 | 0 |
_aStochastic modelling and applied probability ; _v47 |
|
| 504 | _aIncludes bibliographical references and index. | ||
| 650 | 7 |
_aQueuing theory. _2BUEsh _96899 |
|
| 655 | _vReading book | ||
| 856 | 4 | 2 |
_3Publisher description _uhttp://www.loc.gov/catdir/enhancements/fy0816/2001020202-d.html |
| 856 | 4 | 1 |
_3Table of contents only _uhttp://www.loc.gov/catdir/enhancements/fy0816/2001020202-t.html |
| 942 |
_2ddc _cBB |
||
| 999 |
_c12024 _d12024 |
||